MARC details
| 000 -LEADER |
| fixed length control field |
01410cam a2200289 a 4500 |
| 001 - CONTROL NUMBER |
| control field |
12528421 |
| 003 - CONTROL NUMBER IDENTIFIER |
| control field |
GZU |
| 005 - DATE AND TIME OF LATEST TRANSACTION |
| control field |
20201111101023.0 |
| 008 - FIXED-LENGTH DATA ELEMENTS--GENERAL INFORMATION |
| fixed length control field |
010907s2002 mauab b 001 0 eng |
| 010 ## - LIBRARY OF CONGRESS CONTROL NUMBER |
| LC control number |
2001131500 |
| 020 ## - INTERNATIONAL STANDARD BOOK NUMBER |
| International Standard Book Number |
0618113606 |
| 040 ## - CATALOGING SOURCE |
| Original cataloging agency |
DLC |
| Transcribing agency |
DLC |
| Modifying agency |
DLC |
| 050 00 - LIBRARY OF CONGRESS CALL NUMBER |
| Classification number |
HD31 |
| Item number |
.GRI 2002 |
| 100 1# - MAIN ENTRY--PERSONAL NAME |
| Personal name |
Griffin, Ricky W. |
| 245 10 - TITLE STATEMENT |
| Title |
Management / |
| Statement of responsibility, etc. |
Ricky W. Griffin. |
| 250 ## - EDITION STATEMENT |
| Edition statement |
7th ed. |
| 260 ## - PUBLICATION, DISTRIBUTION, ETC. |
| Place of publication, distribution, etc. |
Boston : |
| Name of publisher, distributor, etc. |
Houghton Mifflin Co., |
| Date of publication, distribution, etc. |
c2002. |
| 300 ## - PHYSICAL DESCRIPTION |
| Extent |
xxxiv, 765 p. : |
| Other physical details |
col. ill., col. map ; |
| Dimensions |
26 cm. + |
| Accompanying material |
1 computer optical disc (4 3/4 in.) |
| 500 ## - GENERAL NOTE |
| General note |
A variety of multi-media instructional aids, including a Web site, are available to supplement the text. |
| 500 ## - GENERAL NOTE |
| General note |
Accompanying CD-ROM includes additional topical information, chapter outlines and summaries, web links, a glossary, self-assessment exercises, ready notes, and learning objectives. |
| 504 ## - BIBLIOGRAPHY, ETC. NOTE |
| Bibliography, etc. note |
Includes bibliographical references and indexes. |
| 538 ## - SYSTEM DETAILS NOTE |
| System details note |
System requirements for accompanying computer disc: IBM Pentium 166 PC or compatible with Windows 95 or later, 32 MB RAM; Macintosh Power PC 120 or compatible, System 8.1 or higher, 32 MB RAM; both require Netscape Navigator 4.7/higher or Microsoft Explorer 4.5/higher. |
| 650 #0 - SUBJECT ADDED ENTRY--TOPICAL TERM |
| Topical term or geographic name entry element |
Management. |
| 906 ## - LOCAL DATA ELEMENT F, LDF (RLIN) |
| a |
7 |
| b |
cbc |
| c |
origcop |
| d |
3 |
| e |
ncip |
| f |
20 |
| g |
y-gencatlg |
| 942 ## - ADDED ENTRY ELEMENTS (KOHA) |
| Source of classification or shelving scheme |
Library of Congress Classification |
| Koha item type |
Books |
| Edition |
7th ed. |
| Classification part |
31 |
| Item part |
GRI |
| Call number prefix |
HD |